00377nam a2200109Ia 4500008004100000082001500041100002000056245007600076260002900152630001800181650006800199211109s9999||||xx |||||||||||||| ||und|| a825bBUR-T aBurke, Edmund,  0aThoughts Against The Present Discontants And Speches Introd By Henry Mo bCassell CoaLondonc1900 xGeneral Stack aEnglish & Old English literaturesvEnglish speechesxLiterature